[Event "Vienna Chess Open 2015 Group A"]
[Site "Grosser Festsaal im Wiener Rathaus, 1010 Wien"]
[Date "2015.08.23"]
[Round "9"]
[Board "16"]
[White "Schwabeneder, Florian"]
[Black "Feuerstack, Aljoscha"]
[Result "1-0"]
[WhiteElo "2299"]
[BlackElo "2458"]
[PlyCount "153"]
[EventDate "2015.08.15"]
[EventRounds "9"]
[EventCountry "AUT"]

1.e4 c5 2.Nf3 e6 3.d4 cxd4 4.Nxd4 a6 5.Bd3 Nf6 6.Nc3 Qc7 7.O-O d6 8.Kh1 Nbd7 9.f4
Be7 10.Qe2 Nc5 11.f5 e5 12.Nf3 b5 13.Bg5 Bb7 14.a3 O-O 15.Rae1 Rfe8 16.g4 Qd8 17.Bxf6
Bxf6 18.Qf2 Be7 19.Rg1 Rc8 20.g5 d5 21.Qe2 Bf8 22.g6 fxg6 23.fxg6 h6 24.Ng5 Be7 25.Nf7
dxe4 26.Nxe4 Qd4 27.Qf3 Rf8 28.b4 Nxe4 29.Bxe4 Rc3 30.Qg2 Bxe4 31.Rxe4 Qd5 32.Rxe5
Qxg2+ 33.Rxg2 Bf6 34.Re6 Rxa3 35.Rd2 Ra4 36.Rdd6 Rxb4 37.Rxa6 Bc3 38.Rac6 Rb1+ 39.Kg2
b4 40.Re2 Rd1 41.Rce6 Rd2 42.Rxd2 Bxd2 43.Kf3 Bc3 44.Ke4 Rb8 45.Kd5 Kf8 46.Kc6 Bf6
47.Kc7 Ra8 48.Nd6 Ra7+ 49.Kc6 Re7 50.Kd5 Bg5 51.h3 Bf6 52.Nf5 Rd7+ 53.Rd6 Ra7 54.Rc6
Ra5+ 55.Rc5 Ra8 56.Rc7 Ra5+ 57.Rc5 Ra8 58.Nd6 Ke7 59.Rc7+ Kd8 60.Rb7 Ra5+ 61.Kc6 Ra6+
62.Kd5 Ra5+ 63.Ke6 Re5+ 64.Kf7 Re2 65.Nf5 Rxc2 66.Nxg7 Rf2 67.Ne6+ Kc8 68.Rc7+ Kb8
69.Rc4 Be5+ 70.Ke7 Bf6+ 71.Ke8 Bc3 72.g7 Rg2 73.Kf7 Rf2+ 74.Nf4 Bxg7 75.Rxb4+ Kc7
76.Kxg7 Kd6 77.Re4 1-0

[Event "Vienna Chess Open 2015 Group A"]
[Site "Grosser Festsaal im Wiener Rathaus, 1010 Wien"]
[Date "2015.08.23"]
[Round "9"]
[Board "18"]
[White "Shengelia, David"]
[Black "Mihajlov, Sebastian"]
[Result "1-0"]
[WhiteElo "2572"]
[BlackElo "2309"]
[PlyCount "87"]
[EventDate "2015.08.15"]
[EventRounds "9"]
[EventCountry "AUT"]

1.c4 Nf6 2.Nc3 d5 3.cxd5 Nxd5 4.Qb3 Nxc3 5.dxc3 e5 6.Nf3 Nd7 7.e4 Nc5 8.Qc2 Qf6 9.b4
Ne6 10.h4 Bd6 11.Bb5+ c6 12.Bc4 h6 13.Be3 Nf4 14.O-O-O Bg4 15.Bxf4 Qxf4+ 16.Qd2 Bxf3
17.Qxf4 exf4 18.Rxd6 Bxg2 19.Rg1 f3 20.Rgd1 Bh3 21.Kd2 Ke7 22.Ke3 f6 23.e5 Rad8 24.exf6+
gxf6 25.Rxd8 Rxd8 26.Rxd8 Kxd8 27.Kxf3 Ke7 28.Kf4 Kd6 29.Bd3 Ke7 30.Bf5 Bf1 31.Bc8
b6 32.Bb7 Bb5 33.Kf5 Bd3+ 34.Kg4 Be2+ 35.f3 Kd7 36.Kf5 Kc7 37.Ba8 b5 38.f4 Bf3 39.Kxf6
Kb8 40.f5 Kxa8 41.Kg7 Kb7 42.f6 Bd5 43.f7 Bxf7 44.Kxf7 1-0

[Event "Vienna Chess Open 2015 Group A"]
[Site "Grosser Festsaal im Wiener Rathaus, 1010 Wien"]
[Date "2015.08.23"]
[Round "9"]
[Board "19"]
[White "Kuzmicz, Krystian"]
[Black "Karst, Elmar"]
[Result "1-0"]
[WhiteElo "2486"]
[BlackElo "2294"]
[PlyCount "113"]
[EventDate "2015.08.15"]
[EventRounds "9"]
[EventCountry "AUT"]

1.e4 c5 2.d3 g6 3.g3 Bg7 4.Bg2 Nc6 5.f4 d6 6.Nf3 e6 7.O-O Nge7 8.c3 O-O 9.Be3 b6 10.Na3
Ba6 11.Re1 Qc7 12.Bf2 b5 13.Nc2 b4 14.cxb4 cxb4 15.d4 d5 16.e5 Rab8 17.g4 Na5 18.b3
Rfc8 19.Ne3 Bh6 20.Bg3 Qc3 21.Bf1 Bxf1 22.Kxf1 Nb7 23.Re2 Qc6 24.Kf2 a5 25.h4 Rc7
26.Qh1 Rbc8 27.h5 Bg7 28.Qh4 Qd7 29.Rh1 Rc1 30.hxg6 hxg6 31.Qh7+ Kf8 32.Rh2 R8c3 33.Bh4
Ng8 34.Bg5 Ra1 35.Kg3 a4 36.Rhf2 axb3 37.axb3 Na5 38.f5 exf5 39.gxf5 Rxe3 40.Bxe3
gxf5 41.Ra2 Rxa2 42.Rxa2 Qc7 43.Qxf5 Ne7 44.Qd3 Qb6 45.Rf2 Nac6 46.Qh7 Nd8 47.Bg5
Ne6 48.Bxe7+ Kxe7 49.Qf5 Ke8 50.Ng5 Nxg5 51.Qxg5 Bf8 52.Qf6 Qe6 53.Qxe6+ fxe6 54.Rf6
Ke7 55.Kg4 Bg7 56.Rg6 Bf8 57.Kg5 1-0

[Event "Vienna Chess Open 2015 Group A"]
[Site "Grosser Festsaal im Wiener Rathaus, 1010 Wien"]
[Date "2015.08.23"]
[Round "9"]
[Board "20"]
[White "Stanec, Nikolaus"]
[Black "Rohacek, Miroslav"]
[Result "1/2-1/2"]
[WhiteElo "2474"]
[BlackElo "2294"]
[PlyCount "53"]
[EventDate "2015.08.15"]
[EventRounds "9"]
[EventCountry "AUT"]

1.c4 Nf6 2.Nf3 c6 3.d4 d5 4.Nc3 a6 5.h3 b5 6.cxd5 cxd5 7.Bf4 e6 8.e3 Bd6 9.Bxd6 Qxd6
10.Bd3 Bb7 11.O-O Nbd7 12.a4 b4 13.Ne2 a5 14.Nc1 O-O 15.Nb3 Ne4 16.Qe2 Rfc8 17.Rfc1
Qb6 18.Bb5 Bc6 19.Ne1 Nd6 20.Bxc6 Rxc6 21.Nd3 Nb7 22.Ne5 Nxe5 23.dxe5 g6 24.Nd4 Rc5
25.Nb3 Rc6 26.Nd4 Rc5 27.Nb3 1/2-1/2

[Event "Vienna Chess Open 2015 Group A"]
[Site "Grosser Festsaal im Wiener Rathaus, 1010 Wien"]
[Date "2015.08.23"]
[Round "9"]
[Board "21"]
[White "Rombaldoni, Denis"]
[Black "Ganaus, Hannes"]
[Result "1-0"]
[WhiteElo "2467"]
[BlackElo "2259"]
[PlyCount "49"]
[EventDate "2015.08.15"]
[EventRounds "9"]
[EventCountry "AUT"]

1.Nf3 Nf6 2.c4 g6 3.b4 Bg7 4.Bb2 O-O 5.g3 a5 6.b5 c6 7.a4 d5 8.cxd5 cxb5 9.axb5 Qxd5
10.Nc3 Qh5 11.Ra4 Nd5 12.Nxd5 Qxd5 13.Bxg7 Kxg7 14.Qa1+ Kg8 15.h4 Qxb5 16.h5 g5 17.h6
f6 18.Rh5 e5 19.e3 Qe8 20.Rxg5+ Kh8 21.Nxe5 Nc6 22.Bb5 Bd7 23.Bxc6 Bxc6 24.Ng4 Qe6
25.Rf4 1-0

[Event "Vienna Chess Open 2015 Group A"]
[Site "Grosser Festsaal im Wiener Rathaus, 1010 Wien"]
[Date "2015.08.23"]
[Round "9"]
[Board "22"]
[White "Low, Zhen Yu Cyrus"]
[Black "Salomon, Johan"]
[Result "0-1"]
[WhiteElo "2294"]
[BlackElo "2439"]
[PlyCount "90"]
[EventDate "2015.08.15"]
[EventRounds "9"]
[EventCountry "AUT"]

1.e4 e6 2.d4 d5 3.Nc3 Bb4 4.a3 Bxc3+ 5.bxc3 dxe4 6.Qg4 Nf6 7.Qxg7 Rg8 8.Qh6 Rg6 9.Qd2
b6 10.Ne2 Bb7 11.Nf4 Rg8 12.Bb5+ Bc6 13.c4 Bxb5 14.cxb5 Nd5 15.Bb2 Qg5 16.g3 Nxf4
17.Qxf4 Qxf4 18.gxf4 Nd7 19.Ke2 Nf6 20.Rhg1 Ke7 21.c4 Rg6 22.a4 a5 23.Rg5 Rag8 24.Rag1
Ne8 25.Ke3 f5 26.Ba3+ Kf7 27.h3 Nf6 28.Bb2 Rd8 29.Ba3 Rc8 30.Rc1 Rh6 31.Rg3 Rh4 32.Ke2
Nh5 33.c5 bxc5 34.Rgc3 Nxf4+ 35.Kd2 Rd8 36.Bxc5 Nd5 37.Rb3 f4 38.Rf1 Rg8 39.Ke2 f3+
40.Kd2 Rxh3 41.b6 cxb6 42.Bd6 Rg2 43.Re3 Rh4 44.Be5 Rhg4 45.Bd6 h5 0-1

[Event "Vienna Chess Open 2015 Group A"]
[Site "Grosser Festsaal im Wiener Rathaus, 1010 Wien"]
[Date "2015.08.23"]
[Round "9"]
[Board "23"]
[White "Froewis, Georg"]
[Black "Umudova, Nargiz"]
[Result "1-0"]
[WhiteElo "2434"]
[BlackElo "2289"]
[PlyCount "95"]
[EventDate "2015.08.15"]
[EventRounds "9"]
[EventCountry "AUT"]

1.g3 c5 2.c4 Nc6 3.Bg2 g6 4.e3 Bg7 5.Ne2 e5 6.Nbc3 Nge7 7.O-O d6 8.Nd5 Nxd5 9.cxd5
Ne7 10.d4 cxd4 11.exd4 O-O 12.dxe5 Bxe5 13.Qb3 Bg4 14.Nc3 Nf5 15.Qa4 Nd4 16.Be3 Bd7
17.Qd1 Nf5 18.Bd2 h5 19.Ne4 Bxb2 20.Rb1 Bd4 21.Rxb7 Rb8 22.Bg5 f6 23.Rxb8 Qxb8 24.Bf4
Qb6 25.Bh3 Bc8 26.Qc2 Kg7 27.Rb1 Qa5 28.Bg2 Qxd5 29.Nxd6 Qe6 30.Qc7+ Kh8 31.Nxf5 Qxf5
32.Rd1 Bb6 33.Qe7 Bc5 34.Qe1 Qe6 35.Qc3 Bb6 36.Bd5 Qe7 37.Qd2 Kh7 38.Bd6 Qg7 39.Bxf8
Qxf8 40.Re1 Qd8 41.Bg8+ Kxg8 42.Qxd8+ Bxd8 43.Re8+ Kg7 44.Rxd8 Be6 45.a4 a6 46.f4
Kf7 47.Rd6 Bc4 48.a5 1-0

[Event "Vienna Chess Open 2015 Group A"]
[Site "Grosser Festsaal im Wiener Rathaus, 1010 Wien"]
[Date "2015.08.23"]
[Round "9"]
[Board "24"]
[White "Menezes, Christoph"]
[Black "Kilgus, Georg"]
[Result "1/2-1/2"]
[WhiteElo "2291"]
[BlackElo "2421"]
[PlyCount "66"]
[EventDate "2015.08.15"]
[EventRounds "9"]
[EventCountry "AUT"]

1.d4 Nf6 2.c4 e6 3.g3 c5 4.d5 exd5 5.cxd5 d6 6.Nc3 g6 7.Bg2 Bg7 8.Nf3 O-O 9.O-O Re8
10.Bf4 Bf5 11.Nd2 Nh5 12.Be3 Nd7 13.Nc4 Nb6 14.Nxb6 Qxb6 15.Qc1 Nf6 16.h3 Ne4 17.Nd1
a5 18.Bh6 Bh8 19.g4 Bd7 20.Qc2 f5 21.f3 Nf6 22.e4 fxe4 23.fxe4 Bb5 24.Rf4 Nd7 25.Nc3
Bd3 26.Qd2 Ne5 27.Bf1 Bg7 28.Bxg7 Kxg7 29.Be2 Bxe2 30.Nxe2 Qb4 31.Qc2 Qc4 32.Qxc4
Nxc4 33.b3 Ne5 1/2-1/2

[Event "Vienna Chess Open 2015 Group A"]
[Site "Grosser Festsaal im Wiener Rathaus, 1010 Wien"]
[Date "2015.08.23"]
[Round "9"]
[Board "26"]
[White "Christiansen, Johan-Sebastian"]
[Black "Warmerdam, Max"]
[Result "1-0"]
[WhiteElo "2416"]
[BlackElo "2236"]
[PlyCount "75"]
[EventDate "2015.08.15"]
[EventRounds "9"]
[EventCountry "AUT"]

1.Nf3 Nf6 2.c4 g6 3.g3 Bg7 4.Bg2 O-O 5.d4 d6 6.O-O Nc6 7.Nc3 a6 8.d5 Na5 9.b3 Rb8
10.Bg5 h6 11.Bxf6 Bxf6 12.Rc1 c5 13.dxc6 Nxc6 14.Qd2 Bg7 15.Nd5 Bd7 16.Rfd1 Re8 17.b4
b5 18.c5 Be6 19.Qf4 dxc5 20.Nc7 Qc8 21.Nxe8 Qxe8 22.Rxc5 Rd8 23.Rxd8 Nxd8 24.Qc7 Kh7
25.Qa7 Bxa2 26.Qxa6 Bc4 27.Qc8 Be6 28.Qc7 Bc4 29.Bf1 Bc3 30.Rxc4 bxc4 31.b5 Ne6 32.Qxc4
Ba5 33.Bh3 Nc7 34.Ne5 e6 35.Ng4 Qxb5 36.Qf4 Qb1+ 37.Kg2 Qf5 38.Nf6+ 1-0

[Event "Vienna Chess Open 2015 Group A"]
[Site "Grosser Festsaal im Wiener Rathaus, 1010 Wien"]
[Date "2015.08.23"]
[Round "9"]
[Board "27"]
[White "Dicu, Razvan-Stefan"]
[Black "Soors, Stef"]
[Result "1/2-1/2"]
[WhiteElo "2283"]
[BlackElo "2407"]
[PlyCount "130"]
[EventDate "2015.08.15"]
[EventRounds "9"]
[EventCountry "AUT"]

1.e4 c6 2.d4 d5 3.Nd2 dxe4 4.Nxe4 Bf5 5.Ng3 Bg6 6.h4 h6 7.Nf3 e6 8.h5 Bh7 9.Bd3 Bxd3
10.Qxd3 Nf6 11.Bd2 Be7 12.O-O-O O-O 13.Kb1 c5 14.Ne4 Nc6 15.Nxf6+ Bxf6 16.dxc5 Qxd3
17.cxd3 Rfd8 18.Be3 Rd5 19.a3 a5 20.Nd2 Rad8 21.Nc4 Bd4 22.Bxd4 Rxd4 23.Nb6 Ne5 24.Rd2
Nxd3 25.Rc2 f5 26.Rd1 e5 27.Nc4 Nxc5 28.Rxd4 exd4 29.Nxa5 d3 30.Rc1 Ne4 31.Nxb7 Rd7
32.Rc8+ Kf7 33.Rd8 Rxb7 34.Rxd3 Ke6 35.f4 Nf6 36.Re3+ Kd5 37.Re5+ Kd4 38.Rxf5 Ke4
39.Rc5 Kxf4 40.b4 Kg4 41.Kc2 Nxh5 42.b5 Nf4 43.a4 Nxg2 44.a5 Nf4 45.a6 Ra7 46.Kb3
Ne6 47.Rc4+ Kf5 48.Kb4 Ke5 49.Ka5 Kd5 50.Rc8 Nc7 51.Kb6 Nxb5 52.Rc5+ Ke4 53.Rxb5 Rxa6+
54.Kxa6 g5 55.Rb6 h5 56.Kb5 h4 57.Rh6 Kf3 58.Kc4 Kg3 59.Kd3 g4 60.Ke2 h3 61.Kf1 Kh2
62.Rg6 g3 63.Rxg3 Kxg3 64.Kg1 h2+ 65.Kh1 Kh3 1/2-1/2

[Event "Vienna Chess Open 2015 Group A"]
[Site "Grosser Festsaal im Wiener Rathaus, 1010 Wien"]
[Date "2015.08.23"]
[Round "9"]
[Board "28"]
[White "Schwarhofer, Christopher"]
[Black "Lipok, Christoph"]
[Result "1-0"]
[WhiteElo "2391"]
[BlackElo "2203"]
[PlyCount "59"]
[EventDate "2015.08.15"]
[EventRounds "9"]
[EventCountry "AUT"]

1.e4 e6 2.d4 d5 3.Nc3 Nf6 4.e5 Nfd7 5.f4 c5 6.Nf3 Nc6 7.Be3 a6 8.Qd2 b5 9.dxc5 Bxc5
10.Bd3 Qb6 11.Bf2 Bb7 12.O-O Bxf2+ 13.Rxf2 O-O 14.Bxh7+ Kxh7 15.Ng5+ Kg8 16.Qd3 Rfe8
17.Qh7+ Kf8 18.Qh8+ Ke7 19.Qxg7 Rf8 20.Nxe6 Rg8 21.Nxd5+ Kxe6 22.Qh6+ Rg6 23.f5+ Kxd5
24.Rd1+ Nd4 25.fxg6 Rg8 26.Qh3 Nxe5 27.gxf7 Rf8 28.c3 Qg6 29.cxd4 Ng4 30.Rf4 1-0

[Event "Vienna Chess Open 2015 Group A"]
[Site "Grosser Festsaal im Wiener Rathaus, 1010 Wien"]
[Date "2015.08.23"]
[Round "9"]
[Board "29"]
[White "Ilic, Zoran"]
[Black "Beshukov, Sergey"]
[Result "1/2-1/2"]
[WhiteElo "2278"]
[BlackElo "2382"]
[PlyCount "35"]
[EventDate "2015.08.15"]
[EventRounds "9"]
[EventCountry "AUT"]

1.d4 Nf6 2.Nf3 c5 3.d5 b5 4.Bg5 Qb6 5.Bxf6 Qxf6 6.c3 d6 7.a4 b4 8.e4 a6 9.Qc2 Nd7
10.Nbd2 g5 11.Nc4 bxc3 12.bxc3 Bg7 13.Ra3 Rb8 14.Bd3 g4 15.Nfd2 h5 16.O-O h4 17.f4
gxf3 18.Nxf3 1/2-1/2

[Event "Vienna Chess Open 2015 Group A"]
[Site "Grosser Festsaal im Wiener Rathaus, 1010 Wien"]
[Date "2015.08.23"]
[Round "9"]
[Board "30"]
[White "Pirrot, Dieter"]
[Black "Lewicki, Miroslaw"]
[Result "1/2-1/2"]
[WhiteElo "2374"]
[BlackElo "2176"]
[PlyCount "28"]
[EventDate "2015.08.15"]
[EventRounds "9"]
[EventCountry "AUT"]

1.e4 c5 2.d4 cxd4 3.c3 d5 4.exd5 Qxd5 5.cxd4 e5 6.Nf3 exd4 7.Qxd4 Nf6 8.Nc3 Qxd4 9.Nxd4
Bc5 10.Nb3 Bb6 11.Be2 O-O 12.O-O Nc6 13.Bg5 Be6 14.Rad1 Nb4 1/2-1/2

[Event "Vienna Chess Open 2015 Group A"]
[Site "Grosser Festsaal im Wiener Rathaus, 1010 Wien"]
[Date "2015.08.23"]
[Round "9"]
[Board "31"]
[White "Huber, Martin Christian"]
[Black "Kokol, Peter"]
[Result "1/2-1/2"]
[WhiteElo "2276"]
[BlackElo "2371"]
[PlyCount "99"]
[EventDate "2015.08.15"]
[EventRounds "9"]
[EventCountry "AUT"]

1.Nf3 Nf6 2.c4 g6 3.Nc3 Bg7 4.e4 c5 5.d4 cxd4 6.Nxd4 Nc6 7.Be3 O-O 8.Be2 d6 9.O-O
Bd7 10.Nc2 Rc8 11.Rc1 Ne5 12.Na3 Qa5 13.h3 Bc6 14.Qd2 Rfe8 15.f4 Ned7 16.Bf3 a6 17.Nc2
b5 18.b4 Qc7 19.Nd4 e5 20.Nxc6 Qxc6 21.cxb5 axb5 22.Nd5 Qb7 23.Rxc8 Qxc8 24.Rc1 Qb8
25.f5 gxf5 26.exf5 e4 27.Be2 Re5 28.Nxf6+ Nxf6 29.Rc6 Nd5 30.Bd4 e3 31.Qe1 Qb7 32.Rxd6
Qe7 33.Bxe5 Qxe5 34.Rd8+ Bf8 35.Qh4 f6 36.Bxb5 Nb6 37.Qh6 Qe7 38.Rxf8+ Qxf8 39.Qxe3
Qd8 40.a4 Qd1+ 41.Kh2 Nxa4 42.Qe8+ Kg7 43.Bxa4 Qd6+ 44.Kh1 Qxb4 45.Qd7+ Kh6 46.Qd1
Qf4 47.Bd7 Qe3 48.Be6 Qf4 49.Qg4 Qh2+ 50.Kxh2 1/2-1/2

[Event "Vienna Chess Open 2015 Group A"]
[Site "Grosser Festsaal im Wiener Rathaus, 1010 Wien"]
[Date "2015.08.23"]
[Round "9"]
[Board "32"]
[White "Kniest, Oliver"]
[Black "Guido, Flavio"]
[Result "0-1"]
[WhiteElo "2252"]
[BlackElo "2367"]
[PlyCount "46"]
[EventDate "2015.08.15"]
[EventRounds "9"]
[EventCountry "AUT"]

1.d4 Nf6 2.c4 g6 3.Nc3 d5 4.Nf3 Bg7 5.Qb3 dxc4 6.Qxc4 O-O 7.e4 Na6 8.Be2 c5 9.d5 e6
10.O-O exd5 11.exd5 Bf5 12.Bf4 Qb6 13.Na4 Qb4 14.a3 Qxc4 15.Bxc4 Ne4 16.Rfe1 Rfe8
17.Bb5 Red8 18.Bd3 Nd6 19.Bxa6 bxa6 20.Nxc5 Nc4 21.Ne5 Bxe5 22.Bxe5 Rxd5 23.g4 Nxe5 0-1

[Event "Vienna Chess Open 2015 Group A"]
[Site "Grosser Festsaal im Wiener Rathaus, 1010 Wien"]
[Date "2015.08.23"]
[Round "9"]
[Board "33"]
[White "Neumeier, Klaus"]
[Black "Kessler, Luca"]
[Result "0-1"]
[WhiteElo "2260"]
[BlackElo "2364"]
[PlyCount "102"]
[EventDate "2015.08.15"]
[EventRounds "9"]
[EventCountry "AUT"]

1.Nf3 d6 2.d4 Nf6 3.c4 g6 4.Nc3 Bg7 5.e4 O-O 6.h3 e5 7.d5 Nh5 8.g3 Na6 9.Be3 f5 10.exf5
gxf5 11.Nh4 Nf6 12.Qd2 c6 13.O-O-O cxd5 14.Nxd5 Ne4 15.Qd3 Be6 16.Bg2 Nec5 17.Qd2
f4 18.Bxc5 Nxc5 19.Nc3 Bxc4 20.Bd5+ Bxd5 21.Qxd5+ Kh8 22.Ne4 Nxe4 23.Qxe4 Qf6 24.Kb1
Rac8 25.Rd3 fxg3 26.fxg3 Bh6 27.Rhd1 Rc6 28.a3 Qe6 29.Rd5 Kg8 30.Qb4 Rfc8 31.Qb3 Rc1+
32.Rxc1 Rxc1+ 33.Ka2 Rc6 34.g4 Rb6 35.Qc4 Rc6 36.Qb3 Bc1 37.Nf5 Rb6 38.Rb5 Qxb3+ 39.Rxb3
e4 40.Rxb6 axb6 41.Kb1 Bf4 42.Ne7+ Kf7 43.Nd5 Be5 44.Nxb6 Ke6 45.Nc4 Bf6 46.b3 d5
47.Ne3 d4 48.Nf5 Ke5 49.Kc1 Kf4 50.Kd1 Kf3 51.Ke1 d3 0-1

[Event "Vienna Chess Open 2015 Group A"]
[Site "Grosser Festsaal im Wiener Rathaus, 1010 Wien"]
[Date "2015.08.23"]
[Round "9"]
[Board "34"]
[White "Balla, Tamas-Kristof"]
[Black "Branding, Volker"]
[Result "1-0"]
[WhiteElo "2347"]
[BlackElo "2136"]
[PlyCount "67"]
[EventDate "2015.08.15"]
[EventRounds "9"]
[EventCountry "AUT"]

1.d4 g6 2.e4 Bg7 3.Nc3 d6 4.f4 c6 5.Nf3 d5 6.e5 Bg4 7.h3 Bxf3 8.Qxf3 e6 9.Be3 h5 10.g3
Nd7 11.a3 Nh6 12.Bf2 Qb6 13.O-O-O Qa5 14.g4 hxg4 15.hxg4 b5 16.Na2 Nb6 17.Bd3 Nc4
18.f5 O-O-O 19.f6 Bf8 20.Bxc4 bxc4 21.g5 Kd7 22.Qc3 Qxc3 23.Nxc3 Ng4 24.Rxh8 Nxf2
25.Rf1 Ne4 26.Nxe4 dxe4 27.c3 c5 28.dxc5 Kc6 29.Re1 e3 30.Kb1 e2 31.Rxe2 Kxc5 32.Kc2
Kc6 33.Re4 Kc5 34.Rd4 1-0

[Event "Vienna Chess Open 2015 Group A"]
[Site "Grosser Festsaal im Wiener Rathaus, 1010 Wien"]
[Date "2015.08.23"]
[Round "9"]
[Board "35"]
[White "Bugalski, Michal"]
[Black "Barle, Janez"]
[Result "0-1"]
[WhiteElo "2163"]
[BlackElo "2324"]
[PlyCount "60"]
[EventDate "2015.08.15"]
[EventRounds "9"]
[EventCountry "AUT"]

1.c4 Nc6 2.Nf3 e5 3.Nc3 f5 4.d3 Bb4 5.g3 Nf6 6.Bg2 O-O 7.O-O Bxc3 8.bxc3 d6 9.Qc2
Qe8 10.Rb1 b6 11.Nh4 Rb8 12.f4 e4 13.h3 Na5 14.Kh2 Qe7 15.Bd2 g6 16.Rbe1 Bd7 17.Be3
c5 18.Qd2 Rbe8 19.Qc2 Qf7 20.Qc1 Re7 21.Qc2 Rfe8 22.Bd2 Bc6 23.Qb2 Re6 24.Qc2 Qb7
25.Qb2 exd3 26.exd3 Bxg2 27.Nxg2 Re2 28.Rg1 Qf3 29.Ref1 Rxg2+ 30.Rxg2 Qxf1 0-1